[Event "Quebec op"]
[Site "Montreal"]
[Date "1992.08.03"]
[Round "3"]
[White "Gaudreau, Alain"]
[Black "Ber, Yves"]
[Result "1-0"]
[WhiteElo "1886"]
[BlackElo "2143"]
[PlyCount "47"]
[EventDate "1992.07.31"]
[EventType "swiss"]
[EventRounds "8"]
[EventCountry "CAN"]
[SourceTitle "EXT 2022"]
[Source "ChessBase"]
[SourceDate "2021.10.06"]
[SourceVersion "1"]
[SourceVersionDate "2021.10.06"]
[SourceQuality "1"]

1. e4 d6 2. d4 Nf6 3. Nc3 g6 4. f4 Bg7 5. Nf3 c6 6. Be2 Qa5 7. 0-0 b5 8. e5 Ng8 9. exd6 exd6 10. Ne4 Qc7 11. d5 Qb6+ 12. Kh1 c5 13. Bxb5+ Bd7 14. Bc6 Nxc6 15. dxc6 Bxc6 16. Nxd6+ Kf8 17. Ne5 Nh6 18. f5 Bxe5 19. Bxh6+ Bg7 20. fxg6 Bxh6 21. g7+ Bxg7 22. Rxf7+ Kg8 23. Qg4 Qxb2 24. Rxg7+ 1-0

[Event "Quebec op"]
[Site "Montreal"]
[Date "1990.08.06"]
[Round "3"]
[White "Gaudreau, Alain"]
[Black "Teuton, L Frank"]
[Result "0-1"]
[WhiteElo "1816"]
[BlackElo "2153"]
[PlyCount "78"]
[EventDate "1990.08.04"]
[EventType "swiss"]
[EventRounds "8"]
[EventCountry "CAN"]
[SourceTitle "EXT 2022"]
[Source "ChessBase"]
[SourceDate "2021.10.06"]
[SourceVersion "1"]
[SourceVersionDate "2021.10.06"]
[SourceQuality "1"]

1. e4 c5 2. Nf3 d6 3. d4 cxd4 4. Nxd4 Nf6 5. Nc3 g6 6. Be3 Bg7 7. Bc4 Nc6 8. f3 0-0 9. Qd2 Bd7 10. Bb3 Qb8 11. 0-0-0 a5 12. Ndb5 a4 13. Bc4 Rc8 14. a3 Ne5 15. Ba2 Nc4 16. Bxc4 Rxc4 17. Qe2 Qc8 18. Na7 Qc7 19. e5 Rxc3 20. bxc3 dxe5 21. c4 Be6 22. Nb5 Qc6 23. Rd2 Bxc4 24. Qd1 Qxb5 25. Rd8+ Rxd8 26. Qxd8+ Qe8 27. Qc7 b5 28. Qa5 Nd5 29. Bc5 Qc8 30. Qa7 Bf6 31. h4 Qf5 32. Bf2 e4 33. fxe4 Qf4+ 34. Kb1 Nc3+ 35. Ka1 Nd1+ 36. Kb1 Nxf2 37. g3 Qe5 38. c3 Qxe4+ 39. Kc1 Qxh1+ 0-1

[Event "Montreal op"]
[Site "Montreal"]
[Date "1988.09.04"]
[Round "4"]
[White "Gaudreau, Alain"]
[Black "Clement, Michel"]
[Result "1/2-1/2"]
[WhiteElo "1775"]
[BlackElo "1875"]
[PlyCount "61"]
[EventDate "1988.09.03"]
[EventType "swiss"]
[EventRounds "6"]
[EventCountry "CAN"]
[SourceTitle "EXT 2022"]
[Source "ChessBase"]
[SourceDate "2021.10.06"]
[SourceVersion "1"]
[SourceVersionDate "2021.10.06"]
[SourceQuality "1"]

1. e4 c5 2. Nf3 Nf6 3. Nc3 d5 4. exd5 Nxd5 5. Nxd5 Qxd5 6. b3 Bg4 7. Be2 e5 8. 0-0 Nc6 9. Bb2 f6 10. h3 Bh5 11. Nh4 Bxe2 12. Qxe2 0-0-0 13. Rfd1 g5 14. Nf5 h5 15. d3 Nd4 16. Bxd4 exd4 17. Qe4 Qxe4 18. dxe4 Rh7 19. Rd3 Rhd7 20. Rad1 Kc7 21. f3 Bd6 22. g3 Be5 23. Kg2 b5 24. Rb1 Rb8 25. Rf1 Rb6 26. f4 gxf4 27. gxf4 Bd6 28. Ng3 Rg7 29. Kf3 Rh7 30. Nf5 Ra6 31. Ra1 1/2-1/2

[Event "Montreal op"]
[Site "Montreal"]
[Date "1984.09.01"]
[Round "1"]
[White "Gaudreau, Alain"]
[Black "Rousseau, Daniel"]
[Result "0-1"]
[WhiteElo "1698"]
[BlackElo "1988"]
[PlyCount "60"]
[EventDate "1984.09.01"]
[EventType "swiss"]
[EventRounds "6"]
[EventCountry "CAN"]
[SourceTitle "EXT 2022"]
[Source "ChessBase"]
[SourceDate "2021.10.06"]
[SourceVersion "1"]
[SourceVersionDate "2021.10.06"]
[SourceQuality "1"]

1. e4 e5 2. Nf3 Nc6 3. Bb5 a6 4. Ba4 Nf6 5. 0-0 Be7 6. Re1 b5 7. Bb3 d6 8. c3 0-0 9. h3 Bb7 10. d4 Re8 11. Nbd2 Bf8 12. Bc2 g6 13. Nf1 exd4 14. cxd4 Nb4 15. Ng3 Nxc2 16. Qxc2 c5 17. dxc5 dxc5 18. Bf4 Qb6 19. Rad1 Rad8 20. Rxd8 Rxd8 21. Nd2 Qe6 22. a3 Nd5 23. Be3 Nxe3 24. Rxe3 c4 25. Nf3 Bc5 26. Re2 Qf6 27. Qc1 Rd3 28. e5 Qd8 29. Ne1 Rxg3 30. b4 Bb6 0-1

[Event "Quebec op"]
[Site "Laval"]
[Date "1984.08.05"]
[Round "1"]
[White "Morin, Louis"]
[Black "Gaudreau, Alain"]
[Result "0-1"]
[WhiteElo "1960"]
[BlackElo "1642"]
[PlyCount "86"]
[EventDate "1984.08.05"]
[EventType "swiss"]
[EventRounds "8"]
[EventCountry "CAN"]
[SourceTitle "EXT 2022"]
[Source "ChessBase"]
[SourceDate "2021.10.06"]
[SourceVersion "1"]
[SourceVersionDate "2021.10.06"]
[SourceQuality "1"]

1. e4 c5 2. Nf3 e6 3. d4 cxd4 4. Nxd4 Nf6 5. Nc3 Nc6 6. Nxc6 bxc6 7. e5 Nd5 8. Ne4 d6 9. Nxd6+ Bxd6 10. exd6 Qxd6 11. Be2 Qc7 12. 0-0 0-0 13. c4 Nf4 14. Bf3 Ng6 15. Qa4 Ne7 16. Be3 Bd7 17. Bc5 Rfe8 18. Rad1 Nf5 19. Rxd7 Qxd7 20. Bxc6 Qc7 21. b4 Red8 22. Bxa8 Rxa8 23. Rd1 h6 24. Qd7 Qf4 25. Qb7 Re8 26. Qb5 Rb8 27. Qa6 Qe4 28. Qxa7 Ra8 29. f3 Qc6 30. Qb6 Qc8 31. Rd2 Rb8 32. Qa5 Ra8 33. Qb5 Qc7 34. Qb6 Qc8 35. a4 Rb8 36. Qa5 Ra8 37. Qb5 Qc7 38. a5 Qe5 39. Rd1 Qe2 40. Rf1 Rd8 41. Qa4 Rd2 42. Bf2 Ne3 43. Qa1 Nd1 0-1